Top 25 Baby Boy Names In The UK 2018 - Statistics

General Stats
  • This quiz has been taken 232 times
  • The average score is 15 of 25
Answer Stats
Hint Answer % Correct
7 Jack
86%
2 Oliver
84%
21 William
84%
6 George
80%
4 Harry
78%
3 Noah
77%
18 James
76%
16 Jacob
70%
20 Thomas
69%
12 Henry
66%
19 Ethan
65%
8 Charlie
61%
17 Joshua
61%
11 Alfie
60%
23 Lucas
59%
5 Leo
58%
9 Freddie
57%
13 Oscar
55%
15 Archie
51%
1 Muhammad
50%
22 Logan
46%
10 Arthur
45%
25 Max
37%
24 Jackson
35%
14 Theo
35%
No matching quizzes found
Score Distribution
Percent of People with Each Score
Percentile by Number Answered
Your Score History
You have not taken this quiz